| 000 | 00708cam a2200217 a 4500 | ||
|---|---|---|---|
| 001 | 000008838 | ||
| 005 | 20200929161424.0 | ||
| 008 | 761130s1973 ve 000 f spa | ||
| 040 |
_aDO-SdBNP _bspa _cNSbSU _dBNPHU |
||
| 082 |
_aV863.44 _bG233ha |
||
| 100 | 1 |
_aGarmendia, Salvador, _d1928-2001. _921741 |
|
| 245 | 1 | 4 |
_aLos habitantes : _bnovela / _cSalvador Garmendia. |
| 260 |
_aCaracas, (Venezuela) : _bMonte Ávila, _c1973. |
||
| 300 |
_a196 p. ; _c16 cm. |
||
| 490 | 1 |
_aBiblioteca popular eldorado _v88 |
|
| 650 | 4 |
_aNovela venezolana _93962 |
|
| 650 | 4 |
_aLiteratura venezolana _ySIGLO XX _99777 |
|
| 830 | 0 |
_aBiblioteca popular eldorado ; _v88. _916894 |
|
| 910 | _aCatalogación derivada. | ||
| 049 | _aBNGR | ||
| 999 |
_c8607 _d8607 |
||